header

International Business (Record no. 257168)

MARC details
000 -LEADER
fixed length control field 00374nam a22001577a 4500
003 - CONTROL NUMBER IDENTIFIER
control field OSt
005 - DATE AND TIME OF LATEST TRANSACTION
control field 20180815114359.0
008 - FIXED-LENGTH DATA ELEMENTS--GENERAL INFORMATION
fixed length control field 180815b xxu||||| |||| 00| 0 eng d
020 ## - INTERNATIONAL STANDARD BOOK NUMBER
International Standard Book Number 0-13-715373-2
040 ## - CATALOGING SOURCE
Transcribing agency n/a
100 ## - MAIN ENTRY--PERSONAL NAME
Personal name Ricky W Griffin
245 ## - TITLE STATEMENT
Title International Business
250 ## - EDITION STATEMENT
Edition statement 6th edition
260 ## - PUBLICATION, DISTRIBUTION, ETC. (IMPRINT)
Place of publication, distribution, etc Newjersy
Name of publisher, distributor, etc Prentice Hall
Date of publication, distribution, etc 2009
942 ## - ADDED ENTRY ELEMENTS (KOHA)
Source of classification or shelving scheme Library of Congress Classification
Koha item type Long Loan Books
Holdings
Withdrawn status Lost status Source of classification or shelving scheme Damaged status Not for loan Collection code Home library Current library Shelving location Date acquired Total Checkouts Full call number Barcode Date last seen Price effective from Koha item type
    Library of Congress Classification     Non-fiction Rongo University Library Rongo University Library General Stacks 15/08/2018   HD62.4.G74 2009 201801349 15/08/2018 15/08/2018 Long Loan Books

© 2026 Rongo University
Contact us: librarian | system librarian | Rongo university